History - European History | 1 | 3 | 0 | 2 | 45 | 39 | 92.00 | 1 | 4 |
History - Other History | 2 | 2 | 3 | 0 | 35 | 35 | 64.00 | 3 | 4 |
Religion | 1 | 2 | 1 | 0 | 30 | 58 | 81.00 | 2 | 3 |
Philosophy | 0 | 3 | 0 | 1 | 30 | 90 | 103.33 | 1 | 3 |
Current Events | 0 | 3 | 0 | 0 | 30 | 90 | 100.67 | 0 | 3 |
History - World History | 0 | 3 | 2 | 2 | 20 | 107 | 120.67 | 1 | 2 |
Literature - American Literature | 1 | 0 | 0 | 0 | 15 | 66 | 66.00 | 1 | 1 |
Geography | 0 | 1 | 0 | 1 | 10 | 123 | 123.00 | 0 | 1 |
Pop Culture | 0 | 1 | 0 | 1 | 10 | 140 | 140.00 | 0 | 1 |
Literature - World Literature | 0 | 1 | 0 | 0 | 10 | 108 | 108.00 | 0 | 1 |
Literature - European Literature | 0 | 1 | 0 | 0 | 10 | 135 | 135.00 | 0 | 1 |
Social Science | 1 | 0 | 2 | 0 | 5 | 48 | 48.00 | 1 | 1 |
Mythology | 1 | 0 | 2 | 0 | 5 | 40 | 40.00 | 1 | 1 |
Fine Arts - Other Fine Arts | 0 | 1 | 2 | 0 | 0 | 92 | 92.00 | 1 | 1 |
Fine Arts - Visual Fine Arts | 0 | 0 | 1 | 0 | -5 | | 0.00 | 0 | 0 |